Kevin Costner Sports Movies - Statistics

General Stats
  • This quiz has been taken 421 times
  • The average score is 3 of 6
Answer Stats
Year Title Sport % Correct
1989 Field of Dreams Baseball
89%
1988 Bull Durham Baseball
70%
1996 Tin Cup Golf
70%
2014 Draft Day Football
42%
1999 For Love of the Game Baseball
21%
2015 McFarland. USA Track
19%
No matching quizzes found
Score Distribution
Percent of People with Each Score
Percentile by Number Answered
Your Score History
You have not taken this quiz